[Event "Groningen 2009 - Open A"]
[Site "Groningen NED"]
[Date "2009.12.24"]
[Round "4.26"]
[White "Efroimski, Marsel"]
[Black "Jellema, Yme Jan"]
[Result "1/2-1/2"]
[WhiteElo "2150"]
[BlackElo "2193"]
[PlyCount "78"]
[EventDate "2009.12.21"]
[EventType "swiss"]
[EventRounds "9"]
[EventCountry "NED"]
[Source "lmi"]
[SourceDate "2009.12.21"]

1. e4 c5 2. Nf3 Nc6 3. d4 cxd4 4. Nxd4 Nf6 5. Nc3 e5 6. Ndb5 d6 7. Bg5 a6 8.
Na3 Be6 9. Nc4 Rc8 10. Be3 Nd4 11. Bxd4 Bxc4 12. Bxc4 Rxc4 13. Be3 Be7 14. Qd3
Qc7 15. Bg5 O-O 16. Bxf6 Bxf6 17. Nd5 Qc6 18. c3 Bg5 19. h4 Bd8 20. g4 b5 21.
f3 a5 22. a3 Kh8 23. Rd1 Bb6 24. Ke2 Ba7 25. Rh2 Qd7 26. Kf1 h5 27. g5 f5 28.
gxf6 gxf6 29. Ne3 Bxe3 30. Qxe3 Kh7 31. Qb6 Rd8 32. Kf2 b4 33. Rg2 bxc3 34.
Rdg1 c2 35. Rg7+ Qxg7 36. Rxg7+ Kxg7 37. Qxd8 c1=Q 38. Qe7+ Kg6 39. Qe8+ Kg7
1/2-1/2

[Event "Groningen 2009 - Open A"]
[Site "Groningen NED"]
[Date "2009.12.24"]
[Round "4.27"]
[White "Vergert ten, Paul"]
[Black "Piasetski, Leon"]
[Result "0-1"]
[WhiteElo "2071"]
[BlackElo "2269"]
[PlyCount "110"]
[EventDate "2009.12.21"]
[EventType "swiss"]
[EventRounds "9"]
[EventCountry "NED"]
[Source "lmi"]
[SourceDate "2009.12.21"]

1. e4 Nf6 2. e5 Nd5 3. Bc4 Nb6 4. Bb3 c5 5. d3 Nc6 6. Nf3 d5 7. exd6 e6 8. Nc3
Bxd6 9. Ne4 Be7 10. Be3 Nd5 11. O-O Nxe3 12. fxe3 O-O 13. Qe2 b6 14. a4 Ba6 15.
Nfd2 Kh8 16. Bc4 Bb7 17. Qh5 g6 18. Qh3 f5 19. Nf2 Bf6 20. c3 Ne5 21. e4 Bg5
22. Qg3 Nxc4 23. Nxc4 Ba6 24. Ne5 Bh4 25. Qh3 Kg7 26. Rae1 Bf6 27. Nc4 Qd7 28.
exf5 exf5 29. Ne4 Bxc4 30. Nxf6 Rxf6 31. dxc4 Re8 32. b3 Rxe1 33. Rxe1 Re6 34.
Rxe6 Qxe6 35. Qg3 Qe4 36. Qc7+ Kh6 37. h3 f4 38. Qb8 Qe1+ 39. Kh2 Qg3+ 40. Kg1
a5 41. Qf8+ Kh5 42. Qf6 f3 43. Qxf3+ Qxf3 44. gxf3 Kg5 45. Kf2 Kf4 46. h4 h5
47. Kg2 g5 48. hxg5 Kxg5 49. Kg3 h4+ 50. Kh3 Kf4 51. Kxh4 Kxf3 52. Kg5 Ke4 53.
Kf6 Kd3 54. Ke6 Kxc3 55. Kd5 Kxb3 0-1

[Event "Groningen 2009 - Open A"]
[Site "Groningen NED"]
[Date "2009.12.24"]
[Round "4.28"]
[White "Haast, Anne"]
[Black "Potze, Rudolf"]
[Result "1-0"]
[WhiteElo "2251"]
[BlackElo "2132"]
[PlyCount "77"]
[EventDate "2009.12.21"]
[EventType "swiss"]
[EventRounds "9"]
[EventCountry "NED"]
[Source "lmi"]
[SourceDate "2009.12.21"]

1. e4 c5 2. Nf3 Nc6 3. d4 cxd4 4. Nxd4 Nf6 5. Nc3 e5 6. Ndb5 d6 7. Bg5 a6 8.
Na3 b5 9. Nd5 Be7 10. Bxf6 Bxf6 11. c3 Bg5 12. Nc2 Rb8 13. a4 O-O 14. axb5 axb5
15. h4 Be7 16. Nce3 b4 17. Bd3 bxc3 18. bxc3 Re8 19. g3 Bf8 20. O-O Ne7 21. Qe2
Nxd5 22. Nxd5 Bb7 23. Bc4 Bxd5 24. Bxd5 Qc7 25. Qa2 Re7 26. c4 g6 27. Rfb1 Ree8
28. Kg2 Kg7 29. Rxb8 Rxb8 30. Qa7 Rc8 31. Qe3 Qe7 32. h5 h6 33. hxg6 fxg6 34.
Qb6 Rc7 35. c5 dxc5 36. Ra6 Kh8 37. Qxg6 Qg7 38. Qf5 Qe7 39. Re6 1-0

[Event "Groningen 2009 - Open A"]
[Site "Groningen NED"]
[Date "2009.12.24"]
[Round "4.29"]
[White "Herwaarden van, Arjen"]
[Black "Slagter, David"]
[Result "0-1"]
[WhiteElo "2162"]
[BlackElo "2108"]
[PlyCount "100"]
[EventDate "2009.12.21"]
[EventType "swiss"]
[EventRounds "9"]
[EventCountry "NED"]
[Source "lmi"]
[SourceDate "2009.12.21"]

1. e4 e6 2. d4 d5 3. Nc3 Nf6 4. Bg5 Be7 5. e5 Nfd7 6. Bxe7 Qxe7 7. Qh5 a6 8.
Nf3 c5 9. dxc5 Nxc5 10. Bd3 Nc6 11. O-O-O Bd7 12. Rhe1 O-O-O 13. Kb1 f5 14. Bf1
Be8 15. Qg5 Qxg5 16. Nxg5 h6 17. Nh3 Bh5 18. Be2 d4 19. Bxh5 dxc3 20. Bf3 Rxd1+
21. Bxd1 Rd8 22. Bf3 g5 23. Bxc6 bxc6 24. bxc3 Na4 25. Kc1 Nxc3 26. Kb2 Nb5 27.
c4 Nd4 28. f4 g4 29. Ng1 Kc7 30. Kc3 Kb6 31. Rb1+ Ka5 32. Rb2 c5 33. Rd2 Ka4
34. h3 Rg8 35. h4 Ka3 36. Rb2 a5 37. g3 a4 38. h5 Rd8 39. Rd2 Rb8 40. Ne2 Nxe2+
41. Rxe2 Rd8 42. Re1 Rb8 43. Re2 Rb1 44. Rd2 Rc1+ 45. Kd3 Rg1 46. Kc2 Kxa2 47.
Rd5 Rg2+ 48. Kc1 Kb3 49. Rxc5 a3 50. Ra5 a2 0-1

[Event "Groningen 2009 - Open A"]
[Site "Groningen NED"]
[Date "2009.12.24"]
[Round "4.30"]
[White "Hirth, Ulrich"]
[Black "Holm, Sejer"]
[Result "1-0"]
[WhiteElo "2108"]
[BlackElo "2256"]
[PlyCount "61"]
[EventDate "2009.12.21"]
[EventType "swiss"]
[EventRounds "9"]
[EventCountry "NED"]
[Source "lmi"]
[SourceDate "2009.12.21"]

1. g3 e5 2. Bg2 d5 3. c4 d4 4. e4 c5 5. d3 Nc6 6. Ne2 Bd6 7. O-O Nge7 8. f4
exf4 9. gxf4 f5 10. e5 Bc7 11. Ng3 g6 12. h4 Be6 13. Nd2 Qd7 14. Nf3 O-O-O 15.
a3 a5 16. Bd2 h6 17. b4 cxb4 18. axb4 axb4 19. Ra8+ Bb8 20. Qa4 Qc7 21. Bxb4
Nxb4 22. Qxb4 Nc6 23. Qb5 Rd7 24. Rb1 Re7 25. Ne2 Rd8 26. Qc5 Bf7 27. Nfxd4
Nxd4 28. Bxb7+ Kd7 29. Qxd4+ Ke8 30. Bc6+ Qxc6 31. Rbxb8 1-0

[Event "Groningen 2009 - Open A"]
[Site "Groningen NED"]
[Date "2009.12.24"]
[Round "4.31"]
[White "Thompson, Ian D"]
[Black "Groenewold, Jan Joris"]
[Result "0-1"]
[WhiteElo "2266"]
[BlackElo "2145"]
[PlyCount "86"]
[EventDate "2009.12.21"]
[EventType "swiss"]
[EventRounds "9"]
[EventCountry "NED"]
[Source "lmi"]
[SourceDate "2009.12.21"]

1. Nf3 f5 2. d4 Nf6 3. Bg5 d5 4. c4 e6 5. Nc3 c6 6. e3 Nbd7 7. Bd3 Be7 8. cxd5
cxd5 9. Rc1 a6 10. O-O h6 11. Bf4 O-O 12. Na4 Qe8 13. Ne5 Nxe5 14. Bxe5 Nd7 15.
Bc7 b5 16. Nb6 Nxb6 17. Bxb6 Rf6 18. Bc5 Bd8 19. Bd6 Bd7 20. Qb3 a5 21. Rc2 h5
22. Rfc1 h4 23. f4 b4 24. Be2 Ba4 25. Qd3 Bxc2 26. Qxc2 Qd7 27. Bc5 Be7 28. Qd1
Rff8 29. Qf1 Rfc8 30. Bb5 Qd8 31. Qd1 g6 32. Qa4 Rc7 33. Kf2 Qf8 34. Bc6 Rb8
35. Bb5 Bxc5 36. dxc5 Rxc5 37. Rxc5 Qxc5 38. Bd7 Kf7 39. Qd1 Rd8 40. Ba4 d4 41.
Ke1 Rd6 42. Qf3 Qc1+ 43. Kf2 dxe3+ 0-1

[Event "Groningen 2009 - Open A"]
[Site "Groningen NED"]
[Date "2009.12.26"]
[Round "5.1"]
[White "Nyzhnyk, Illya"]
[Black "Reinderman, Dimitri"]
[Result "1/2-1/2"]
[WhiteElo "2494"]
[BlackElo "2575"]
[PlyCount "109"]
[EventDate "2009.12.21"]
[EventType "swiss"]
[EventRounds "9"]
[EventCountry "NED"]
[Source "lmi"]
[SourceDate "2009.12.21"]

1. e4 c5 2. Nf3 d6 3. d4 Nf6 4. Nc3 cxd4 5. Nxd4 g6 6. Be3 Bg7 7. f3 O-O 8. Qd2
Nc6 9. g4 Be6 10. O-O-O Nxd4 11. Bxd4 Qa5 12. a3 Rab8 13. Kb1 Rfc8 14. h4 b5
15. Nd5 Qxd2 16. Rxd2 Nxd5 17. exd5 Bxd5 18. Bxg7 Bxf3 19. Rh3 Bxg4 20. Rg3
Kxg7 21. Rxg4 Rc5 22. Re4 Rb7 23. b4 Rf5 24. Bd3 d5 25. Rd4 Re5 26. Kb2 f5 27.
a4 bxa4 28. Ka3 Kf6 29. b5 h6 30. Rxa4 Re3 31. Kb4 e6 32. Kc5 g5 33. Kc6 Rg7
34. hxg5+ hxg5 35. Kd6 g4 36. Rh2 g3 37. Rh6+ Kg5 38. Rxe6 Rxe6+ 39. Kxe6 g2
40. Ra1 f4 41. Rg1 f3 42. Bf1 Kf4 43. Kxd5 Ke3 44. c4 Kf2 45. Bxg2 fxg2 46.
Rxg2+ Rxg2 47. c5 Ke3 48. b6 axb6 49. cxb6 Rb2 50. Kc6 Kd4 51. b7 Ke5 52. Kc7
Rc2+ 53. Kd7 Rb2 54. Kc7 Rxb7+ 55. Kxb7 1/2-1/2

[Event "Groningen 2009 - Open A"]
[Site "Groningen NED"]
[Date "2009.12.26"]
[Round "5.2"]
[White "Werle, Jan"]
[Black "Chadaev, Nikolai"]
[Result "1-0"]
[WhiteElo "2565"]
[BlackElo "2567"]
[PlyCount "132"]
[EventDate "2009.12.21"]
[EventType "swiss"]
[EventRounds "9"]
[EventCountry "NED"]
[Source "lmi"]
[SourceDate "2009.12.21"]

1. d4 d5 2. c4 c6 3. Nf3 Nf6 4. e3 Bf5 5. Nc3 e6 6. Nh4 Bg6 7. Be2 Nbd7 8. O-O
Bd6 9. g3 Qe7 10. Qb3 Rb8 11. Bd2 O-O 12. Nxg6 hxg6 13. Rfd1 a6 14. Qc2 dxc4
15. Bxc4 c5 16. dxc5 Nxc5 17. Bf1 Rfc8 18. Be1 Be5 19. Qe2 b5 20. a3 Ncd7 21.
Na2 Nb6 22. Nb4 Nc4 23. Nd3 Bd6 24. a4 Ne5 25. axb5 axb5 26. Nxe5 Bxe5 27. Ra5
Bd6 28. Rxb5 Rxb5 29. Qxb5 Rb8 30. Qd3 Bb4 31. Qb3 Bd6 32. Qc2 Bb4 33. Bd2 Bxd2
34. Rxd2 Qb4 35. Bg2 Qa5 36. h3 Qb4 37. Kh2 Qa5 38. Rd3 Qa2 39. Rd2 Qa5 40. Qd3
Qb4 41. Rc2 Qb6 42. Qc3 Qb5 43. Qc7 Qb3 44. Rd2 Nd5 45. Bxd5 exd5 46. Qe5 Kh7
47. h4 f6 48. Qc7 Rb7 49. Qc2 Qxc2 50. Rxc2 Kh6 51. Rd2 Rb5 52. Kg2 g5 53.
hxg5+ Kxg5 54. Kf3 f5 55. Ke2 Kf6 56. Kd3 g5 57. Kc3 Ke5 58. b4 f4 59. exf4+
gxf4 60. g4 Rb8 61. Re2+ Kd6 62. Rb2 Rg8 63. f3 Rc8+ 64. Kd3 Ra8 65. b5 Ra3+
66. Kd4 Ra4+ 1-0

[Event "Groningen 2009 - Open A"]
[Site "Groningen NED"]
[Date "2009.12.26"]
[Round "5.3"]
[White "Greenfeld, Alon"]
[Black "Burg, Twan"]
[Result "1-0"]
[WhiteElo "2559"]
[BlackElo "2460"]
[PlyCount "83"]
[EventDate "2009.12.21"]
[EventType "swiss"]
[EventRounds "9"]
[EventCountry "NED"]
[Source "lmi"]
[SourceDate "2009.12.21"]

1. d4 d5 2. c4 c6 3. Nf3 Nf6 4. Nc3 dxc4 5. a4 Bf5 6. Nh4 Bd7 7. e4 e6 8. Bxc4
Nxe4 9. Nxe4 Qxh4 10. Qf3 Bb4+ 11. Kf1 f5 12. Ng5 Qxd4 13. Qb3 Na6 14. Be3 Qd6
15. Rd1 Qe7 16. Nxe6 Bxe6 17. Bxe6 Nc7 18. Bd7+ Kf8 19. Bxf5 Nd5 20. h4 g6 21.
Bh6+ Kf7 22. Bg4 Rhe8 23. g3 Kg8 24. Bf3 Rad8 25. Kg2 a5 26. Rd3 Kh8 27. Bg5
Nf6 28. h5 gxh5 29. Rxh5 Qg7 30. Bh6 Qg6 31. Rxd8 Rxd8 32. Rh4 Rd7 33. Bf4 Qf5
34. Qe3 Re7 35. Qd4 Bc5 36. Qd8+ Re8 37. Qxa5 Qc2 38. Qd2 Qf5 39. Qc3 Bf8 40.
Rh5 Qg6 41. Rg5 Qf7 42. Bh5 1-0

[Event "Groningen 2009 - Open A"]
[Site "Groningen NED"]
[Date "2009.12.26"]
[Round "5.4"]
[White "Saravanan, Venkatachalam"]
[Black "Swinkels, Robin"]
[Result "0-1"]
[WhiteElo "2356"]
[BlackElo "2500"]
[PlyCount "79"]
[EventDate "2009.12.21"]
[EventType "swiss"]
[EventRounds "9"]
[EventCountry "NED"]
[Source "lmi"]
[SourceDate "2009.12.21"]

1. Nf3 Nf6 2. c4 b6 3. g3 Bb7 4. Bg2 e6 5. O-O Be7 6. Nc3 O-O 7. Re1 d5 8. cxd5
Nxd5 9. e4 Nxc3 10. bxc3 c5 11. d4 Nd7 12. Bf4 Nf6 13. Qd3 Rc8 14. Rad1 cxd4
15. cxd4 Qd7 16. d5 exd5 17. Ng5 Qa4 18. exd5 Bb4 19. Be5 Bxe1 20. Bxf6 Bxf2+
21. Kh1 Qc2 22. Qxc2 Rxc2 23. Be7 Re8 24. d6 Bxg2+ 25. Kxg2 Bc5+ 26. Kh3 Rxe7
27. d7 Rxd7 28. Rxd7 Rxa2 29. Nxf7 a5 30. Ng5 Re2 31. Rd8+ Bf8 32. Rb8 h6 33.
Nf3 Re6 34. Kg4 a4 35. Kf5 Rf6+ 36. Ke4 Kh7 37. Ra8 a3 38. Ne5 Bb4 39. Ra4 b5
40. Kd4 0-1

[Event "Groningen 2009 - Open A"]
[Site "Groningen NED"]
[Date "2009.12.26"]
[Round "5.5"]
[White "Giri, Anish"]
[Black "Genov, Petar"]
[Result "1-0"]
[WhiteElo "2585"]
[BlackElo "2476"]
[PlyCount "97"]
[EventDate "2009.12.21"]
[EventType "swiss"]
[EventRounds "9"]
[EventCountry "NED"]
[Source "lmi"]
[SourceDate "2009.12.21"]

1. d4 Nf6 2. c4 e6 3. Nf3 Bb4+ 4. Bd2 a5 5. g3 O-O 6. Bg2 d6 7. O-O Bxd2 8.
Qxd2 Qe7 9. Nc3 e5 10. h3 Re8 11. e4 Nc6 12. d5 Nb8 13. Ne1 Na6 14. Nc2 Bd7 15.
Rae1 Nc5 16. Kh2 Rab8 17. b3 b5 18. cxb5 Bxb5 19. Nxb5 Rxb5 20. Re3 Ra8 21. Rc1
Rb7 22. Na3 Qe8 23. Nc4 Qb5 24. Qc2 Ncd7 25. Qd1 Nb6 26. Na3 Qb4 27. Nc2 Qc5
28. Ne1 Qb5 29. Rc6 a4 30. Nc2 Qa5 31. b4 Qa7 32. Qe1 Nc8 33. Bf1 Ne7 34. Ra6
Qb8 35. Rxa8 Qxa8 36. Rc3 Nd7 37. Ne3 Rxb4 38. Rxc7 Rb7 39. Rxb7 Qxb7 40. Qa5
Qb8 41. Nc4 g6 42. Qxa4 Nc5 43. Qc2 Qc7 44. a4 f5 45. exf5 Nxf5 46. a5 Nd4 47.
Qa2 Nb5 48. a6 Na7 49. Nxe5 1-0

[Event "Groningen 2009 - Open A"]
[Site "Groningen NED"]
[Date "2009.12.26"]
[Round "5.6"]
[White "Podzielny, Karl-Heinz"]
[Black "Nijboer, Friso"]
[Result "0-1"]
[WhiteElo "2456"]
[BlackElo "2561"]
[PlyCount "72"]
[EventDate "2009.12.21"]
[EventType "swiss"]
[EventRounds "9"]
[EventCountry "NED"]
[Source "lmi"]
[SourceDate "2009.12.21"]

1. c4 Nf6 2. Nc3 g6 3. g3 Bg7 4. Bg2 O-O 5. Nf3 d6 6. O-O Nc6 7. d3 e5 8. Bg5
h6 9. Bxf6 Bxf6 10. Nd2 Bg7 11. Rb1 a6 12. e3 Bf5 13. Nde4 Be6 14. Nd5 Nb8 15.
Qb3 Ra7 16. Qa3 f5 17. Nd2 c6 18. Nc3 Rf7 19. b4 b5 20. Rfd1 h5 21. h4 g5 22.
hxg5 Qxg5 23. Nf3 Qe7 24. cxb5 axb5 25. Qb2 Bf6 26. a3 h4 27. Ne2 Rg7 28. Qc1
Qe8 29. Re1 Qh5 30. Nxh4 Bxh4 31. gxh4 Qxh4 32. Ng3 Raf7 33. Rb2 Bd7 34. Qc3 f4
35. exf4 exf4 36. Qd4 Qh6 0-1

[Event "Groningen 2009 - Open A"]
[Site "Groningen NED"]
[Date "2009.12.26"]
[Round "5.7"]
[White "Brandenburg, Daan"]
[Black "Ernst, Sipke"]
[Result "1/2-1/2"]
[WhiteElo "2481"]
[BlackElo "2587"]
[PlyCount "118"]
[EventDate "2009.12.21"]
[EventType "swiss"]
[EventRounds "9"]
[EventCountry "NED"]
[Source "lmi"]
[SourceDate "2009.12.21"]

1. e4 e5 2. Nf3 Nc6 3. d4 exd4 4. Nxd4 Nf6 5. Nxc6 bxc6 6. e5 Qe7 7. Qe2 Nd5 8.
c4 Ba6 9. b3 g6 10. f4 d6 11. Qf3 Nb4 12. a3 Nc2+ 13. Kd1 Nd4 14. exd6 cxd6 15.
Qd3 Bg7 16. Bb2 d5 17. Nd2 dxc4 18. Qe4 Qxe4 19. Nxe4 O-O-O 20. Ra2 Nxb3+ 21.
Ke1 Bxb2 22. Rxb2 Rhe8 23. Re2 Kc7 24. Nc3 Rxe2+ 25. Bxe2 Rd2 26. Rf1 Rb2 27.
f5 g5 28. Rf3 Nd4 29. Rh3 Rb3 30. Bd1 Rb2 31. Rxh7 Nc2+ 32. Kf2 Nxa3+ 33. Kg3
Nb5 34. Rxf7+ Kd8 35. Nxb5 Bxb5 36. Rxa7 c3 37. f6 Bc4 38. f7 Bxf7 39. Rxf7 c2
40. Bxc2 Rxc2 41. h3 c5 42. Rg7 c4 43. Rxg5 Kd7 44. h4 Kd6 45. h5 Rc1 46. Rg8
Kd5 47. Kf4 c3 48. Rc8 Kd4 49. h6 Rh1 50. Kg5 Kd3 51. g4 c2 52. Kg6 c1=Q 53.
Rxc1 Rxc1 54. g5 Ke4 55. h7 Rh1 56. Kg7 Kf5 57. g6 Rh2 58. h8=Q Rxh8 59. Kxh8
Kxg6 1/2-1/2

[Event "Groningen 2009 - Open A"]
[Site "Groningen NED"]
[Date "2009.12.26"]
[Round "5.8"]
[White "Bok, Benjamin"]
[Black "Meijers, Viesturs"]
[Result "1/2-1/2"]
[WhiteElo "2337"]
[BlackElo "2488"]
[PlyCount "89"]
[EventDate "2009.12.21"]
[EventType "swiss"]
[EventRounds "9"]
[EventCountry "NED"]
[Source "lmi"]
[SourceDate "2009.12.21"]

1. e4 e5 2. Nf3 Nf6 3. Nxe5 d6 4. Nf3 Nxe4 5. Qe2 Qe7 6. d3 Nf6 7. Nc3 Bg4 8.
Qxe7+ Bxe7 9. Be2 Nc6 10. Be3 a6 11. h3 Bd7 12. O-O-O h6 13. Rhe1 b5 14. Nd4
O-O-O 15. Ne4 Nd5 16. Nxc6 Bxc6 17. Bd2 f5 18. Ng3 g6 19. Bf3 Bg5 20. Ne2 Rhe8
21. Nd4 Bxd2+ 22. Kxd2 Bb7 23. Rxe8 Rxe8 24. Re1 Rxe1 25. Kxe1 Nf4 26. Bxb7+
Kxb7 27. g3 Nd5 28. Kd2 c5 29. Ne6 Kc6 30. c4 Ne7 31. b3 d5 32. Nd8+ Kc7 33.
Nf7 h5 34. f4 dxc4 35. dxc4 b4 36. Ne5 Kd6 37. Ke3 Ke6 38. Nd3 Kd6 39. Ne5 Ke6
40. Kf2 a5 41. Ke3 Kd6 42. Kf3 Ke6 43. Nd3 Kd6 44. Ne5 Ke6 45. Nd3 1/2-1/2

[Event "Groningen 2009 - Open A"]
[Site "Groningen NED"]
[Date "2009.12.26"]
[Round "5.9"]
[White "Baklan, Vladimir"]
[Black "Assendelft van, Floris"]
[Result "1/2-1/2"]
[WhiteElo "2655"]
[BlackElo "2325"]
[PlyCount "109"]
[EventDate "2009.12.21"]
[EventType "swiss"]
[EventRounds "9"]
[EventCountry "NED"]
[Source "lmi"]
[SourceDate "2009.12.21"]

1. e4 c5 2. Nf3 d6 3. d4 cxd4 4. Nxd4 Nf6 5. Nc3 a6 6. h3 g6 7. g3 b5 8. Bg2
Bb7 9. O-O Nbd7 10. a4 bxa4 11. Rxa4 Nc5 12. Ra3 Bg7 13. Re1 a5 14. Bg5 O-O 15.
Nb3 Nfd7 16. Nxc5 Nxc5 17. Qd2 Re8 18. b3 Rc8 19. Nb1 Qc7 20. Ra2 a4 21. bxa4
Ne6 22. h4 Qc4 23. c3 Nxg5 24. hxg5 Bxc3 25. Nxc3 Qxc3 26. Qxc3 Rxc3 27. Rb1
Ba6 28. Rb6 Ra8 29. e5 Ra7 30. exd6 exd6 31. Rxd6 Rc1+ 32. Kh2 Bc4 33. Ra3 Rc2
34. Rf6 Ra5 35. Rf4 Rxg5 36. a5 Ba6 37. g4 Kg7 38. Kg3 Rcc5 39. Rfa4 h5 40. f3
Kf8 41. Bh3 hxg4 42. f4 Rgd5 43. Bxg4 g5 44. fxg5 Rxg5 45. Kf4 Rge5 46. Bf3 Ke7
47. Re4 Rxe4+ 48. Kxe4 Ke6 49. Kd4 Rc4+ 50. Ke3 Bc8 51. Ra2 Rc3+ 52. Kf2 Ba6
53. Be2 Bxe2 54. Kxe2 Rc7 55. a6 1/2-1/2

[Event "Groningen 2009 - Open A"]
[Site "Groningen NED"]
[Date "2009.12.26"]
[Round "5.10"]
[White "Hoeksema, Erik"]
[Black "Popilski, Gil"]
[Result "0-1"]
[WhiteElo "2331"]
[BlackElo "2441"]
[PlyCount "66"]
[EventDate "2009.12.21"]
[EventType "swiss"]
[EventRounds "9"]
[EventCountry "NED"]
[Source "lmi"]
[SourceDate "2009.12.21"]

1. Nf3 Nf6 2. c4 g6 3. Nc3 d5 4. Qa4+ Bd7 5. Qb3 dxc4 6. Qxc4 Nc6 7. g3 Bg7 8.
Bg2 O-O 9. O-O Bg4 10. d4 Bxf3 11. Bxf3 Qxd4 12. Qxd4 Nxd4 13. Bxb7 Rab8 14.
Bg2 Ne8 15. Be4 Nd6 16. Bd3 c5 17. e3 Nc6 18. Rd1 Rfd8 19. Be2 c4 20. Rd2 Kf8
21. Kf1 f5 22. f4 e5 23. a3 exf4 24. gxf4 Na5 25. Rc2 Nb3 26. Ra2 Bxc3 27. bxc3
Rbc8 28. a4 Ne4 29. Ba3+ Ke8 30. Rab2 Rd3 31. Bxd3 cxd3 32. Rxb3 dxc2 33. Ke2
Rd8 0-1

[Event "Groningen 2009 - Open A"]
[Site "Groningen NED"]
[Date "2009.12.26"]
[Round "5.11"]
[White "Grover, Sahaj"]
[Black "Hoffmann, Michael"]
[Result "1-0"]
[WhiteElo "2372"]
[BlackElo "2509"]
[PlyCount "159"]
[EventDate "2009.12.21"]
[EventType "swiss"]
[EventRounds "9"]
[EventCountry "NED"]
[Source "lmi"]
[SourceDate "2009.12.21"]

1. e4 c5 2. Nf3 d6 3. d4 cxd4 4. Nxd4 Nf6 5. Nc3 a6 6. Bc4 e6 7. Bb3 b5 8. Qf3
Bb7 9. O-O Nbd7 10. Re1 Be7 11. Bxe6 fxe6 12. Nxe6 Ne5 13. Qh3 Qd7 14. Nxg7+
Kf7 15. Nf5 Rag8 16. Nh6+ Ke8 17. Nxg8 Rxg8 18. Qxd7+ Kxd7 19. Re3 b4 20. Nd5
Nxd5 21. exd5 Bh4 22. Rh3 Bxd5 23. g3 Nf3+ 24. Kf1 Bc4+ 25. Kg2 Ne1+ 26. Kg1
Bf6 27. Rxh7+ Ke6 28. Bf4 Nf3+ 29. Kg2 Bd5 30. Rh6 Be4 31. Bxd6 Ng5+ 32. Kf1
Nf7 33. Rxf6+ Kxf6 34. Bxb4 Bxc2 35. Bc3+ Kf5 36. f3 Ng5 37. Kg2 Ba4 38. g4+
Kg6 39. h4 Ne6 40. Kg3 Rd8 41. Re1 Kf7 42. h5 Rd3 43. Re5 Bc6 44. Rf5+ Kg8 45.
Rf6 Bd5 46. a3 Kh7 47. Rf7+ Kg8 48. Rf5 Be4 49. Rf6 Bd5 50. Kf2 Kh7 51. Rf7+
Kh6 52. Ke2 Bc4 53. Ke1 Ng5 54. Rf6+ Kh7 55. Rf8 Nf7 56. g5 Rxf3 57. g6+ Kh6
58. gxf7 Rf1+ 59. Kd2 Bxf7 60. Rh8+ Kg5 61. h6 Bg6 62. Bg7 Rf3 63. Ra8 Rd3+ 64.
Ke2 Rd6 65. Ra7 Re6+ 66. Kd2 Rc6 67. Ke3 Rd6 68. Bf8 Rd3+ 69. Ke2 Rb3 70. Bg7
Rb6 71. Bd4 Re6+ 72. Be3+ Kf5 73. Kf2 Rd6 74. Rg7 Rd8 75. b4 Rc8 76. Ke2 Rc2+
77. Bd2 Rc8 78. Ra7 Re8+ 79. Kd1 Re6 80. h7 1-0

[Event "Groningen 2009 - Open A"]
[Site "Groningen NED"]
[Date "2009.12.26"]
[Round "5.12"]
[White "Afek, Yochanan"]
[Black "Deviatkin, Andrei"]
[Result "0-1"]
[WhiteElo "2285"]
[BlackElo "2608"]
[PlyCount "40"]
[EventDate "2009.12.21"]
[EventType "swiss"]
[EventRounds "9"]
[EventCountry "NED"]
[Source "lmi"]
[SourceDate "2009.12.21"]

1. e4 c5 2. Nf3 Nf6 3. Nc3 d6 4. d4 cxd4 5. Nxd4 a6 6. Bc4 e6 7. Bb3 Nc6 8. Be3
Bd7 9. f3 Be7 10. g4 b5 11. g5 Nh5 12. f4 Nxd4 13. Qxh5 Nxb3 14. axb3 Bc6 15.
O-O b4 16. f5 g6 17. fxg6 fxg6 18. Qg4 bxc3 19. Qxe6 Qd7 20. Qf7+ Kd8 0-1

[Event "Groningen 2009 - Open A"]
[Site "Groningen NED"]
[Date "2009.12.26"]
[Round "5.13"]
[White "Kleijn, Christov"]
[Black "Pijpers, Arthur"]
[Result "1/2-1/2"]
[WhiteElo "2383"]
[BlackElo "2201"]
[PlyCount "66"]
[EventDate "2009.12.21"]
[EventType "swiss"]
[EventRounds "9"]
[EventCountry "NED"]
[Source "lmi"]
[SourceDate "2009.12.21"]

1. e4 c5 2. Nf3 d6 3. d4 cxd4 4. Qxd4 a6 5. Bc4 Nc6 6. Qd3 Nf6 7. Bg5 e6 8. Nc3
Na5 9. a4 Nxc4 10. Qxc4 Be7 11. a5 b5 12. axb6 Qxb6 13. e5 dxe5 14. Nxe5 O-O
15. Nc6 Bd8 16. Nxd8 Rxd8 17. Bxf6 gxf6 18. Qg4+ Kh8 19. Qf3 f5 20. Qxa8 Bb7
21. Qxd8+ Qxd8 22. O-O Qb6 23. Nd1 Qc6 24. f3 Qxc2 25. Ra3 Kg7 26. Rc3 Qe2 27.
Re3 Qd2 28. Rfe1 a5 29. R3e2 Qd4+ 30. Nf2 a4 31. Rd1 Qb4 32. h3 a3 33. bxa3
Qxa3 1/2-1/2

[Event "Groningen 2009 - Open A"]
[Site "Groningen NED"]
[Date "2009.12.26"]
[Round "5.14"]
[White "Genova, Lyubka"]
[Black "Poetsch, Hagen"]
[Result "1/2-1/2"]
[WhiteElo "2263"]
[BlackElo "2361"]
[PlyCount "37"]
[EventDate "2009.12.21"]
[EventType "swiss"]
[EventRounds "9"]
[EventCountry "NED"]
[Source "lmi"]
[SourceDate "2009.12.21"]

1. e4 d5 2. exd5 Qxd5 3. Nc3 Qa5 4. g3 Nf6 5. Bg2 Nc6 6. h3 Bf5 7. d3 e6 8. Nf3
h6 9. Bd2 Qb6 10. O-O Bd6 11. Rb1 Qa6 12. a3 O-O 13. b4 Ne7 14. b5 Qxa3 15. Rb3
Qa5 16. Nd5 Qa4 17. Nc3 Qa5 18. Nd5 Qa4 19. Nc3 1/2-1/2

[Event "Groningen 2009 - Open A"]
[Site "Groningen NED"]
[Date "2009.12.26"]
[Round "5.16"]
[White "Pruijssers, Roeland"]
[Black "Heemskerk, Wim"]
[Result "1/2-1/2"]
[WhiteElo "2413"]
[BlackElo "2236"]
[PlyCount "86"]
[EventDate "2009.12.21"]
[EventType "swiss"]
[EventRounds "9"]
[EventCountry "NED"]
[Source "lmi"]
[SourceDate "2009.12.21"]

1. e4 e6 2. d4 d5 3. Nc3 Bb4 4. e5 c5 5. a3 Bxc3+ 6. bxc3 Qc7 7. Qg4 f5 8. Qg3
Nc6 9. Nf3 cxd4 10. cxd4 Nge7 11. Bd2 O-O 12. Bd3 Bd7 13. O-O Be8 14. a4 Bg6
15. Ra3 Qd7 16. Rb1 Bh5 17. Ng5 h6 18. Nh3 Kh7 19. Nf4 Bf7 20. Ne2 Rab8 21. f3
Bg6 22. h4 Kh8 23. Qe1 f4 24. Nxf4 Rxf4 25. Bxf4 Nxd4 26. Qd2 Bxd3 27. Rxd3
Ndc6 28. Rdb3 b6 29. h5 Na5 30. Qxa5 bxa5 31. Rxb8+ Kh7 32. R1b5 Qc6 33. Rf8
Nc8 34. Be3 Qc3 35. Bf2 Qa1+ 36. Kh2 Qxe5+ 37. Bg3 Qxh5+ 38. Kg1 Nb6 39. Rxa5
Qg6 40. Bf2 Qxc2 41. Rxa7 Nc8 42. Rd7 Qxa4 43. Rfd8 Qa1+ 1/2-1/2

[Event "Groningen 2009 - Open A"]
[Site "Groningen NED"]
[Date "2009.12.26"]
[Round "5.17"]
[White "Kantans, Toms"]
[Black "Berkovich, Mark A"]
[Result "1-0"]
[WhiteElo "2281"]
[BlackElo "2406"]
[PlyCount "113"]
[EventDate "2009.12.21"]
[EventType "swiss"]
[EventRounds "9"]
[EventCountry "NED"]
[Source "lmi"]
[SourceDate "2009.12.21"]

1. d4 d6 2. g3 f5 3. Bg2 Nf6 4. Nf3 g6 5. O-O Bg7 6. c4 O-O 7. b4 Qe8 8. Bb2 h6
9. Nbd2 g5 10. d5 a5 11. a3 axb4 12. axb4 Rxa1 13. Qxa1 Na6 14. Qb1 Qh5 15. e3
f4 16. exf4 gxf4 17. Nh4 Rf7 18. Ne4 Bg4 19. h3 Be2 20. Re1 f3 21. Rxe2 fxg2
22. Nxf6+ Bxf6 23. Re4 Bxh4 24. Rxh4 Qe2 25. Bd4 Nxb4 26. Rxh6 Qf1+ 27. Qxf1
gxf1=Q+ 28. Kxf1 Rf3 29. Rh8+ Kf7 30. Rh7+ Kf8 31. Be3 b5 32. Rh8+ Kf7 33. Rb8
Nc2 34. Rxb5 Rf5 35. Rb3 Re5 36. Rc3 Nb4 37. Ke2 c6 38. dxc6 Nxc6 39. f4 Ra5
40. Kf3 Ra4 41. h4 e6 42. h5 Ne7 43. g4 Ra1 44. Bf2 d5 45. Bc5 Rf1+ 46. Kg3 Rd1
47. cxd5 Nxd5 48. Ra3 Nf6 49. Ra7+ Kg8 50. Ra4 Nd5 51. Kh4 Nf6 52. Kg5 Kf7 53.
Bd4 Nd7 54. h6 Nf8 55. Ra7+ Kg8 56. Rg7+ Kh8 57. Rf7+ 1-0